Vocabulaire en latin - Statistiques

Statistiques générales
  • Ce quiz a été pris 19 fois
  • Le résultat moyen est 6 sur 16
Statistiques - réponses
Hint Réponse % Correct
temple templum, i, n
90%
eau aqua, ae, f
80%
la fortune, le succès fortuna, ae, f
80%
colère ira, ae, f
80%
ami amicus, i, m
70%
maître dominus, i, m
70%
autel ara, ae, f
30%
réputation fama, ae, f
30%
soin, souci cura, ae, f
20%
le combat pugna, ae, f
20%
maison, édifice aedificum, ii, n
10%
épée, glaive gladius, ii, m
10%
espace spatium, ii, n
10%
secours, aide auxilium, ii, n
0%
ignorance inscitia, ae, f
0%
peinture pictura, ae, f
0%
Aucun quiz correspondant
Distribution des résultats
% des personnes avec chaque résultat
Percentile par nombre de réponses
Votre historique - résultats
Vous n’avez pas pris ce quiz